Álcár-karrierek Moszkóviában

Elmentve itt :
Bibliográfiai részletek
Szerző: Szvák Gyula
Dokumentumtípus: Könyv része
Megjelent: 2012
Sorozat:Legendák, kódexek, források : tanulmányok a 80 esztendős H. Tóth Imre tiszteletére
Kulcsszavak:Oroszország története - 16-17. sz.
Online Access:http://acta.bibl.u-szeged.hu/65063
LEADER 00669naa a2200181 i 4500
001 acta65063
005 20260224081030.0
008 200310s2012 hu o 000 hun d
020 |a 978-963-306-152-7 
040 |a SZTE Egyetemi Kiadványok Repozitórium  |b hun 
041 |a hun 
100 1 |a Szvák Gyula 
245 1 0 |a Álcár-karrierek Moszkóviában  |h [elektronikus dokumentum] /  |c  Szvák Gyula 
260 |c 2012 
300 |a 321-329 
490 0 |a Legendák, kódexek, források : tanulmányok a 80 esztendős H. Tóth Imre tiszteletére 
695 |a Oroszország története - 16-17. sz. 
856 4 0 |u http://acta.bibl.u-szeged.hu/65063/1/h_toth_80_321-329.pdf  |z Dokumentum-elérés